00000000nam##2200000za#4500
0019.676178
003CaOODSP
00520250403105555
007cr |||||||||||
008150407|1994||||xxc|||||o    f|0| 0 fre|d
040 |aCaOODSP|bfre
041 |aeng
041 |afre
043 |an-cn---
0861 |aCS95-328/1994-PDF
24500|aProfil des secteurs de recensement de Chicoutimi-Jonquière, Sherbrooke et Trois-Rivières - partie B |h[ressource électronique]
260 |aOttawa - Ontario : |bStatistique Canada |c1994.
500 |aPublication du recensement historique numérisé par Statistique Canada.
590 |a13-04-Supp|b2013-02-13
69107|aRecensement|2gcpds
7102 |aStatistique Canada.
791 |tProfile of census tracts in Chicoutimi-Jonquière, Sherbrooke and Trois-Rivières - part B |eeng|w(CaOODSP)9.676177
85640|ahttp://publications.gc.ca|qPDF|s7.5 Mo|uhttps://publications.gc.ca/collections/collection_2013/statcan/rh-hc/CS95-328-1994.pdf